|
|
|
|
| LEADER |
00000naa0a2200000 4500 |
| 001 |
598143 |
| 005 |
20250227163117.0 |
| 035 |
|
|
|a (RuTPU)RU\TPU\tpu\21687
|
| 035 |
|
|
|a RU\TPU\tpu\16876
|
| 090 |
|
|
|a 598143
|
| 100 |
|
|
|a 20120829d2003 k||y0rusy50 ba
|
| 101 |
0 |
|
|a eng
|
| 102 |
|
|
|a KR
|
| 200 |
1 |
|
|a Regional adaptive information and advising system for earthquake prediction
|f Y. P. Pokholkov, N. Khorsov
|
| 333 |
|
|
|a В фонде НТБ ТПУ отсутствует
|
| 463 |
|
|
|t KORUS 2003
|o proceedings of the 7th Korea-Russia International Symposium on Science and Technology (June 28 - July 6, 2003 at the University of Ulsan, Republic of Korea)
|f Research Center for Machine Parts and Materials Processing (ReMM) at University of Ulsan
|h Vol. 4
|v P. 170 - 175
|d 2003
|
| 610 |
1 |
|
|a труды учёных ТПУ
|
| 700 |
|
1 |
|a Pokholkov
|b Y. P.
|c Russian physicist, electrical engineer, doctor of engineering
|c Rector of the TPU (1990 - 2008), professor
|f 1939-
|g Yuri Petrovich
|3 (RuTPU)RU\TPU\pers\24842
|
| 701 |
|
1 |
|a Khorsov
|b N.
|
| 801 |
|
1 |
|a RU
|b 63413507
|c 20091202
|
| 801 |
|
2 |
|a RU
|b 63413507
|c 20120829
|g RCR
|
| 942 |
|
|
|c BK
|